Eu4 Cultures (Europe) - Statistics

General Stats
  • This quiz has been taken 205 times
  • The average score is 53 of 93
Answer Stats
Hint Answer % Correct
Celtic Irish
93%
Baltic Lithuanian
93%
British Scottish
93%
British English
92%
Baltic Estonian
91%
Baltic Latvian
91%
Byzantine Greek
89%
British Welsh
88%
Nordic Danish
86%
Nordic Swedish
85%
Carpathian Hungarian
84%
West Slavic Polish
82%
Carpathian Romanian
81%
Germanic Bavarian
80%
Germanic Austrian
79%
South Slavic Serbian
79%
West Slavic Czech
78%
Nordic Norwegian
78%
Germanic Saxon
78%
British Cornish
77%
French Breton
76%
Iberian Castilian
76%
Nordic Finnish
76%
Iberian Portuguese
75%
West Slavic Slovak
75%
Nordic Icelandic
74%
South Slavic Croatian
73%
Iberian Basque
72%
South Slavic Bulgarian
72%
South Slavic Albanian
71%
Iberian Catalan
71%
South Slavic Bosnian
70%
Iberian Galician
68%
Latin Venetian
68%
Iberian Andalusian
67%
Germanic Dutch
67%
Germanic Prussian
67%
Latin Sicilian
67%
Germanic Swiss
67%
Nordic Sámi
65%
Latin Tuscan
64%
Iberian Aragonese
63%
East Slavic Novgorodian
63%
South Slavic Slovene
63%
Latin Neapolitan
62%
East Slavic Ruthenian
62%
Latin Lombard
61%
French Norman
60%
Germanic Flemish
59%
French Occitan
59%
Latin Sardinian
59%
French Burgundian
58%
East Slavic Muscovite
58%
Iberian Leonese
57%
Latin Piedmontese
54%
Germanic Franconian
51%
Latin Ligurian
50%
Germanic Pomeranian
50%
Germanic Swabian
50%
East Slavic Byelorussian
49%
West Slavic Silesian
49%
Carpathian Transylvanian
49%
Celtic Highlander
47%
Nordic Karelian
47%
Byzantine Pontic
46%
French Francien
43%
Germanic Frisian
43%
French Walloon
43%
Byzantine Gothic
42%
Germanic Gothic
42%
Latin Maltese
41%
French Gascon
39%
West Slavic Sorbian
39%
Latin Umbrian
36%
Germanic Westphalian
36%
Latin Dalmatian
35%
Germanic Rhenish
35%
Germanic Lower Saxon
32%
East Slavic Ryazanian
32%
British American
30%
Iberian Mexican
25%
Latin Romagnol
25%
Iberian Brazilian
24%
Germanic Balten
21%
Nordic Norse
20%
French Québécois
20%
Byzantine Cappadocian
17%
Iberian Platinean
14%
French Aquitanian
13%
French Anglois
11%
Byzantine Griko
11%
Byzantine Greco-Georgian
7%
French Louisianan
7%
No matching quizzes found
Score Distribution
Percent of People with Each Score
Percentile by Number Answered
Your Score History
You have not taken this quiz